[Event "Copenhagen K41 Sommer D"]
[Site "Copenhagen"]
[Date "2012.06.16"]
[Round "5"]
[White "Mouritsen, Jan"]
[Black "Madsen, Palle Svend"]
[Result "1-0"]
[WhiteElo "1756"]
[BlackElo "1720"]
[PlyCount "89"]
[EventDate "2012.05.17"]
[EventType "tourn"]
[EventRounds "5"]
[EventCountry "DEN"]
[SourceTitle "EXT 2023"]
[Source "ChessBase"]
[SourceDate "2022.10.05"]
[SourceVersion "1"]
[SourceVersionDate "2022.10.05"]
[SourceQuality "1"]

1. d4 f5 2. c4 Nf6 3. Nc3 g6 4. Nf3 d6 5. g3 Bg7 6. Bg2 0-0 7. 0-0 e6 8. Re1 Nc6 9. e4 fxe4 10. Nxe4 Nxe4 11. Rxe4 e5 12. dxe5 Bf5 13. Qd5+ Kh8 14. Rh4 Bxe5 15. Ng5 Qe7 16. Rxh7+ Qxh7 17. Nxh7 Kxh7 18. Qd2 Bg7 19. Qg5 Rae8 20. Qh4+ Kg8 21. Bd5+ Be6 22. Bh6 Ne5 23. Bxg7 Kxg7 24. Qd4 c5 25. Qd2 Rf5 26. Kg2 Rh8 27. Bxe6 Rxh2+ 28. Kxh2 Nf3+ 29. Kg2 Nxd2 30. Bxf5 gxf5 31. b3 Ne4 32. Rd1 Kf7 33. Rd3 Ke6 34. Re3 Kd7 35. Rxe4 fxe4 36. g4 b5 37. f4 d5 38. cxb5 c4 39. bxc4 dxc4 40. Kf2 c3 41. Ke3 Kd6 42. g5 Kd5 43. g6 Ke6 44. a4 Kf6 45. f5 1-0

[Event "Amager Aabne CC-ch"]
[Site "Amager"]
[Date "2012.02.28"]
[Round "5"]
[White "Madsen, Palle Svend"]
[Black "Nielsen, Jens Holm"]
[Result "0-1"]
[WhiteElo "1771"]
[BlackElo "1748"]
[PlyCount "90"]
[EventDate "2012.01.10"]
[EventType "swiss"]
[EventRounds "7"]
[EventCountry "DEN"]
[SourceTitle "EXT 2023"]
[Source "ChessBase"]
[SourceDate "2022.10.05"]
[SourceVersion "1"]
[SourceVersionDate "2022.10.05"]
[SourceQuality "1"]

1. e4 e5 2. d4 exd4 3. Nf3 Nc6 4. Bc4 Nf6 5. Ng5 Ne5 6. Qxd4 d6 7. Bb3 c5 8. Qc3 h6 9. f4 hxg5 10. fxe5 dxe5 11. Qxe5+ Qe7 12. Qxe7+ Bxe7 13. Nc3 Bd7 14. Bxg5 Rh5 15. Bf4 b5 16. Bd5 Nxd5 17. Nxd5 Bd8 18. 0-0 Rc8 19. c3 Be6 20. Rad1 c4 21. Be3 Bg4 22. Rde1 Rc6 23. Nf4 Rh7 24. h3 Bc8 25. Rf3 g5 26. Nd5 Rch6 27. Rf5 Bxf5 28. exf5 Kd7 29. Bxa7 Ra6 30. Bc5 g4 31. Rd1 Kc8 32. Be7 Rh8 33. Nb4 Bb6+ 34. Kf1 Ra7 35. Bf6 gxh3 36. gxh3 Rg8 37. Bd4 Bxd4 38. Rxd4 Rd7 39. Nd5 Kb7 40. Ne3 Rxd4 41. cxd4 Rg3 42. Ke2 Rxh3 43. a4 Rh2+ 44. Kf3 Rxb2 45. axb5 c3 0-1

[Event "Amager CC-ch"]
[Site "Amager"]
[Date "2011.01.25"]
[Round "1"]
[White "Madsen, Palle Svend"]
[Black "Larsen, Ulrik Jejlskov"]
[Result "0-1"]
[WhiteElo "1882"]
[BlackElo "1517"]
[PlyCount "82"]
[EventDate "2011.01.25"]
[EventType "swiss"]
[EventRounds "7"]
[EventCountry "DEN"]
[SourceTitle "EXT 2023"]
[Source "ChessBase"]
[SourceDate "2022.10.05"]
[SourceVersion "1"]
[SourceVersionDate "2022.10.05"]
[SourceQuality "1"]

1. e4 d5 2. d4 e6 3. e5 c5 4. c3 cxd4 5. cxd4 Bb4+ 6. Nc3 Ne7 7. Bd3 Nbc6 8. Nge2 Bd7 9. 0-0 h6 10. Kh1 Bxc3 11. bxc3 Rc8 12. f4 g6 13. a4 Na5 14. Ba3 Nc4 15. Bxc4 Rxc4 16. Bxe7 Kxe7 17. a5 Qc7 18. Qe1 Kd8 19. Qh4+ Kc8 20. a6 b5 21. Rfb1 Bc6 22. Rb3 Ra4 23. Rba3 Qa5 24. Rxa4 bxa4 25. Qe1 Qxa6 26. Ra3 Bb5 27. Ng1 Kd7 28. Nf3 Rb8 29. Nd2 Bd3 30. Qc1 Qb5 31. h3 Qb2 32. Qxb2 Rxb2 33. Nf3 Bb5 34. Kg1 Rb3 35. Ra1 a3 36. Kf2 Rb2+ 37. Ke1 a2 38. Nd2 Bd3 39. h4 Rb1+ 40. Nxb1 axb1Q+ 41. Rxb1 Bxb1 0-1